000 00807 a2200253 4500
005 20260409122931.0
008 260409b |||||||| |||| 00| 0 eng d
020 _a9789348759160 (hbk)
037 _cTB
040 _aCRL
_cCRL
041 _2URD
_aURD
084 _aO122,3N45,IT 168R5
_qCRL
100 _aMadiano, Patrick
_91115433
245 _aGumshuda jawani ka cafe
260 _aLucknow, India:
_bMatterlink Publishers,
_c2025.
300 _a119p.
365 _b300.00
_cINR
546 _aTranslated from French to Urdu
650 _aFrench Literature
650 _aFrench Fiction
700 _aRehan Islam
_eTranslator
942 _cTB
_2CC
_hO122,3N45,IT 168R5
999 _c1679442
_d1679442